Alle 96 Oscar Gewinner "Bester Film" (1929 - 2024) - Statistiken

Allgemein
  • Dieses Quiz wurde 62 mal gespielt
  • Das Durchschnittsergebnis liegt bei 17 aus 96
Antwortstatistiken
Jahr Genre 🏆 Hauptrollen Film % Korrekt
1998 Drama 11 🔸Leonardo DiCaprio🔸Kate Winslet Titanic
77%
1977 Boxen 3 🔸Sylvester Stallone🔸Talia Shire Rocky
65%
2024 Biografie -Historie 7 🔸Cillian Murphy🔸Emily Blunt Oppenheimer
63%
1973 Mafia 3 🔸Marlon Brando🔸Al Pacino Der Pate
56%
1994 Holocaust -Drama 7 🔸Liam Neeson🔸Ben Kingsley Schindlers Liste
54%
2004 Literatur & Fantasy 11 🔸Elijah Wood🔸Sean Astin Der Herr der Ringe - Die Rückkehr des Königs
53%
1992 Thriller 5 🔸Jodie Foster🔸Anthony Hopkins Das Schweigen der Lämmer
47%
2001 Monumental 5 🔸Russell Crowe🔸Joaquin Phoenix Gladiator
47%
1995 Literatur 6 🔸Tom Hanks🔸Robin Wright Forrest Gump
44%
2020 Parabel -Drama 4 🔸 Song Kang - ho🔸Lee Sun - kyun Parasite
42%
1991 Western 7 🔸Kevin Costner🔸Mary McDonnell Der mit dem Wolf tanzt
40%
1997 Drama 9 🔸Ralph Fiennes🔸Juliette Binoche Der englische Patient
37%
1989 Drama 4 🔸Dustin Hoffman🔸Tom Cruise Rain Man
37%
2011 Biografie 4 🔸Colin Firth🔸Geoffrey Rush The King's Speech
37%
1944 Melodram 3 🔸Humphrey Bogart🔸Ingrid Bergmann Casablanca
33%
1983 Biografie 8 🔸Ben Kingsley🔸Roshan Seth Gandhi
33%
2005 Boxen 4 🔸Clint Eastwood🔸Hilary Swank Million Dollar Baby
33%
1940 Literatur 10 🔸Vivien Leigh🔸Clark Gable Vom Winde verweht
33%
1976 Drama 5 🔸Jack Nicholson🔸Louise Fletcher Einer flog über das Kuckucksnest
32%
2023 Fantasy - SciFi - Komödie 7 🔸Michelle Yeoh🔸Ke Huy Quan Everything Everywhere All at Once
32%
1996 Historien 5 🔸Mel Gibson🔸Sophie Marceau Braveheart
28%
2007 Thriller 4 🔸Leonardo DiCaprio🔸Matt Damon Departed - Unter Feinden
28%
1975 Mafia 6 🔸Al Pacino🔸Diane Keaton Der Pate - Teil II.
28%
1987 Krieg 4 🔸Charlie Sheen🔸Tom Berenger Platoon
26%
2009 Spielfilm 8 🔸Dev Patel🔸Madhur Mittal Slumdog Millionär
26%
1960 Monumental 11 🔸Charlton Heston🔸Haya Harareet Ben Hur
25%
1980 Drama 5 🔸Dustin Hoffman🔸Meryl Streep Kramer gegen Kramer
25%
2008 Thriller 4 🔸Tommy Lee Jones🔸Javier Bardem No Country for Old Men
23%
1985 Biografie 8 🔸Tom Hulce🔸F. Murray Abraham Amadeus
19%
2000 Drama 5 🔸Kevin Spacey🔸Annette Bening American Beauty
19%
1930 Antikrieg 4 🔸Lew Ayres🔸Louis Wolheim Im Westen nichts neues
19%
1963 Wüstenepos 7 🔸Peter O'Toole🔸Alec Guinness Lawrence von Arabien
19%
2018 Fantasy -Romantik 3 🔸Sally Hawkins🔸Michael Shannon Shape of Water -Das Flüstern des Wassers
19%
1962 Tanz 10 🔸Natalie Wood🔸Richard Beymer West Side Story
19%
2015 Komödie 4 🔸 Michael Keaton🔸Zach Galifianakis Birdman
18%
2019 Drama 3 🔸Viggo Mortensen🔸Mahershala Ali Green Book -Eine besondere Freundschaft
18%
2013 Thriller 3 🔸 Ben Affleck🔸Bryan Cranston Argo
16%
1974 Ganoven -Komödie 7 🔸Paul Newman🔸Robert Redford Der Clou
16%
1958 Literatur 7 🔸William Holden🔸Alec Guinness Die Brücke am Kwai
16%
2014 Historie -Drama 3 🔸Chiwetel Ejiofor🔸Michael Fassbender 12 Years a Slave
14%
2003 Musical - Drama 6 🔸Reneé Zellweger🔸Catherina Zeta - Jones Chicago
14%
1978 Komödie 4 🔸Woody Allen🔸Diane Keaton Die Stadtneurotiker
14%
2021 Drama -Roadmovie 3 🔸Frances McDormand🔸David Strathairn Nomadland
14%
2002 Biografie 4 🔸Russell Crowe🔸Jennifer Connelly A Beautiful Mind
12%
1968 Krimi 5 🔸Sidney Poitier🔸Rod Steiger In der Hitze der Nacht
12%
1986 Biografie 7 🔸Meryl Streep🔸Robert Redford Jenseits von Afrika
12%
2017 Drama 2 🔸Mahershala Ali🔸Naomie Harris Moonlight
12%
2012 Tragikomödie 5 🔸Jean Dujardin🔸Bérénice Bejo The Artist
12%
1999 Komödie 7 🔸Joseph Fiennes🔸Gwyneth Paltrow Shakespeare in Love
11%
2010 Krieg 9 🔸 Jeremy Renner🔸Anthony Mackie Tödliches Kommando -The Hurt Locker
11%
2022 Jugend -Drama 3 🔸 Emilia Jones🔸Marlee Matlin Coda
9%
1938 Biografie 3 🔸Paul Muni🔸Gloria Holden Das Leben des Emile Zola
9%
1993 Western 4 🔸Clint Eastwood🔸 Gene Hackman Erbarmungslos
9%
2006 Drama 3 🔸Sandra Bullock🔸Don Cheadle L. A. Crash
9%
1990 Tragikomödie 4 🔸Morgan Freeman🔸Jessica Tandy Miss Daisy & ihr Chauffeur
9%
1971 Krieg 7 🔸George C. Scott🔸Karl Malden Patton - Rebell in Uniform
9%
1951 Tragikomödie 6 🔸 Bette Davies🔸Anne Baxter Alles über Eva
7%
1988 Monumental 9 🔸John Lone🔸Joan Chen Der letzte Kaiser
7%
1979 Antikrieg 5 🔸Robert De Niro🔸Christopher Walken Die durch die Hölle gehen
7%
1953 Zirkus 2 🔸Betty Hutton🔸Cornel Wilde Die größte Schau der Welt
7%
1982 Sport 4 🔸Ian Charleson🔸Ben Cross Die Stunde des Siegers
7%
1935 Komödie 5 🔸Clark Gable🔸Claudette Colbert Es geschah in einer Nacht
7%
1966 Musical 5 🔸Julie Andrews🔸Christopher Plummer Meine Lieder - Meine Träume
7%
1965 Musical 8 🔸Audrey Hepburn🔸Rex Harrison My Fair Lady
7%
2016 Biografie -Drama 2 🔸Mark Ruffalo🔸Michael Keaton Spotlight
7%
1937 Musical 3 🔸William Powell🔸Luise Rainer Der große Ziegfeld
5%
1952 Musical 6 🔸Gene Kelly🔸Leslie Caron Ein Amerikaner in Paris
5%
1972 Literatur 5 🔸Gene Hackman🔸Roy Schneider French Connection - Brennpunkt Brooklyn
5%
1949 Literatur 4 🔸Laurence Olivier🔸Basil Sydney Hamlet
5%
1936 Abenteuer 1 🔸Charles Laughton🔸Clark Gable Meuterei auf der Bounty
5%
1964 Komödie 4 🔸Albert Finney🔸Susannah York Tom Jones - Zwischen Bett & Galgen
5%
1954 Krieg 8 🔸Burt Lancaster🔸Montgomery Clift Verdammt in alle Ewigkeit
5%
1984 Drama 5 🔸Shirley MacLaine🔸Debra Winger Zeit der Zärtlichkeit
5%
1970 Drama 3 🔸Dustin Hoffman🔸Jon Voight Asphalt - Cowboy
4%
1961 Komödie 5 🔸Jack Lemmon🔸Shirley MacLaine Das Appartement
4%
1947 Spielfilm 7 🔸 Fredric March🔸Dana Andrews Die besten Jahre unseres Lebens
4%
1955 Drama 8 🔸Marlon Brando🔸Karl Malden Die Faust im Nacken
4%
1981 Drama 4 🔸Donald Sutherland🔸Mary Tyler Moore Eine ganz normale Familie
4%
1929 Krieg 2 🔸Clara Bow🔸Charles Rogers Flügel aus Stahl
4%
1957 Abenteuer 5 🔸David Niven🔸Cantinflas In 80 Tagen um die Welt
4%
1932 Spielfilm 1 🔸Greta Garbo🔸John Barrymore Menschen im Hotel
4%
1941 Krimi 2 🔸Joan Fontaine🔸Laurence Olivier Rebecca
4%
1946 Drama 4 🔸Ray Milland🔸Jane Wyman Das verlorene Wochenende
2%
1950 Spielfilm 3 🔸Broderick Crawford🔸John Ireland Der Mann, der herrschen wollte
2%
1945 Spielfilm 7 🔸Bing Crosby🔸Barry Fitzgerald Der Weg zum Glück
2%
1967 Drama 6 🔸Paul Scofield🔸Wendy Hiller Ein Mann zu jeder Jahreszeit
2%
1959 Musical 9 🔸Leslie Caron🔸Maurice Chevalier Gigi
2%
1934 Drama 3 🔸Diana Wynyard🔸Clive Brook Kavalkade
2%
1939 Komödie 2 🔸Jean Arthur🔸James Stewart Lebenskünstler
2%
1956 Drama 4 🔸 Ernest Borgnine🔸Betsy Blair Marty
2%
1943 Drama 6 🔸Greer Garson🔸Walter Pidgeon Mrs. Miniver
2%
1969 Literatur 5 🔸Mark Lester🔸Ron Moody Oliver
2%
1931 Western 4 🔸Richard Dix🔸Irene Dunne Pioniere des wilden Westens
2%
1942 Literatur 5 🔸Roddy McDowall🔸Walter Pidgeon Schlagende Wetter
2%
1948 Literatur 3 🔸Gregory Peck🔸Dorothy McGuire Tabu der Gerechten
2%
1930 Musik 1 🔸 Charles King🔸 Anita Page The Broadway Melody
2%
Keine übereinstimmenden Quizze gefunden
Verteilung der Resultate
Anzahl Personen mit jedem Resultat
Perzentil nach korrekt beantworteten Fragen
Ihre Resultats-Entwicklung
Sie haben dieses Quiz noch nicht gespielt